000 00442nam a22001577a 4500
999 _c2595
_d2595
008 200311b ||||| |||| 00| 0 eng d
082 0 0 _a621.815
_bP1899
100 _92181
_aPandya, N.C.
245 1 0 _aElements of machine design/
_cby N.C. Pandya and C.S. Shah.
250 _a14th ed.
260 _aNew Delhi:
_bCharotar Publication,
_c2002.
300 _axvi, 1064 p.
650 0 _aMachine Design
700 _92182
_aShah, C.S.
942 _cBK